| 000 | 01006pam a2200265 a 4500 | ||
|---|---|---|---|
| 999 |
_c26419 _d26419 |
||
| 001 | 3433879 | ||
| 003 | OSt | ||
| 005 | 20170204111104.0 | ||
| 008 | 910911s1992 ilua 000 0 eng | ||
| 010 | _a 91035286 | ||
| 020 | _a0809240505 (paper) | ||
| 040 |
_aDLC _cDLC _dDLC |
||
| 050 | 0 | 0 | _aQA43 .M26 1992 |
| 082 | 0 | 0 |
_a510/.76 _220 |
| 100 | 1 |
_aManly, Myrna. _d1992- |
|
| 245 | 1 | 0 |
_aContemporary's the GED math problem solver : _breasoning skills to pass the test / _cMyrna Manly. |
| 260 |
_aChicago : _bContemporary Books, _c1992. |
||
| 300 |
_axiii, 307 p. : _bill. (some col.) ; _c29 cm. |
||
| 650 | 0 |
_aMathematics _vExaminations, questions, etc. |
|
| 650 | 0 | _aGED tests. | |
| 740 | 0 | _aGED math problem solver. | |
| 906 |
_a7 _bcbc _corignew _d1 _eocip _f19 _gy-gencatlg |
||
| 942 |
_2lcc _cBOOKS _hQA43 .M26 1992 _k33788 |
||